<?xml version="1.0" encoding="UTF-8"?>
<record
    xmlns:xsi="http://www.w3.org/2001/XMLSchema-instance"
    xsi:schemaLocation="http://www.loc.gov/MARC21/slim http://www.loc.gov/standards/marcxml/schema/MARC21slim.xsd"
    xmlns="http://www.loc.gov/MARC21/slim">

  <leader>00275nam a22001217a 4500</leader>
  <controlfield tag="008">260423b        |||||||| |||| 00| 0 eng d</controlfield>
  <datafield tag="082" ind1=" " ind2=" ">
    <subfield code="a">001325</subfield>
  </datafield>
  <datafield tag="100" ind1=" " ind2=" ">
    <subfield code="a">Jaidev</subfield>
  </datafield>
  <datafield tag="245" ind1=" " ind2=" ">
    <subfield code="a">Charaka Samhita</subfield>
  </datafield>
  <datafield tag="260" ind1=" " ind2=" ">
    <subfield code="a">Delhi</subfield>
    <subfield code="b">Motilal Banarasidass</subfield>
    <subfield code="c">2018</subfield>
  </datafield>
  <datafield tag="300" ind1=" " ind2=" ">
    <subfield code="a">522p</subfield>
  </datafield>
  <datafield tag="942" ind1=" " ind2=" ">
    <subfield code="2">ddc</subfield>
  </datafield>
  <datafield tag="999" ind1=" " ind2=" ">
    <subfield code="c">1279</subfield>
    <subfield code="d">1279</subfield>
  </datafield>
  <datafield tag="952" ind1=" " ind2=" ">
    <subfield code="0">0</subfield>
    <subfield code="1">0</subfield>
    <subfield code="2">ddc</subfield>
    <subfield code="4">0</subfield>
    <subfield code="6">001325_000000000000000</subfield>
    <subfield code="7">0</subfield>
    <subfield code="9">1538</subfield>
    <subfield code="a">KSU</subfield>
    <subfield code="b">KSU</subfield>
    <subfield code="c">GEN</subfield>
    <subfield code="d">2026-04-23</subfield>
    <subfield code="e">Book Paradise</subfield>
    <subfield code="i">94470</subfield>
    <subfield code="l">0</subfield>
    <subfield code="o">001325</subfield>
    <subfield code="p">001325</subfield>
    <subfield code="r">2026-04-23</subfield>
    <subfield code="w">2026-04-23</subfield>
    <subfield code="y">BK</subfield>
  </datafield>
  <datafield tag="952" ind1=" " ind2=" ">
    <subfield code="0">0</subfield>
    <subfield code="1">0</subfield>
    <subfield code="2">ddc</subfield>
    <subfield code="4">0</subfield>
    <subfield code="6">001325_000000000000000</subfield>
    <subfield code="7">0</subfield>
    <subfield code="9">1539</subfield>
    <subfield code="a">KSU</subfield>
    <subfield code="b">KSU</subfield>
    <subfield code="c">GEN</subfield>
    <subfield code="d">2026-04-23</subfield>
    <subfield code="e">Book Paradise</subfield>
    <subfield code="i">94470</subfield>
    <subfield code="l">0</subfield>
    <subfield code="o">001325</subfield>
    <subfield code="p">001326</subfield>
    <subfield code="r">2026-04-23</subfield>
    <subfield code="w">2026-04-23</subfield>
    <subfield code="y">BK</subfield>
  </datafield>
  <datafield tag="952" ind1=" " ind2=" ">
    <subfield code="0">0</subfield>
    <subfield code="1">0</subfield>
    <subfield code="2">ddc</subfield>
    <subfield code="4">0</subfield>
    <subfield code="6">001325_000000000000000</subfield>
    <subfield code="7">0</subfield>
    <subfield code="9">1540</subfield>
    <subfield code="a">KSU</subfield>
    <subfield code="b">KSU</subfield>
    <subfield code="c">GEN</subfield>
    <subfield code="d">2026-04-23</subfield>
    <subfield code="e">Book Paradise</subfield>
    <subfield code="i">94470</subfield>
    <subfield code="l">0</subfield>
    <subfield code="o">001325</subfield>
    <subfield code="p">001327</subfield>
    <subfield code="r">2026-04-23</subfield>
    <subfield code="w">2026-04-23</subfield>
    <subfield code="y">BK</subfield>
  </datafield>
  <datafield tag="952" ind1=" " ind2=" ">
    <subfield code="0">0</subfield>
    <subfield code="1">0</subfield>
    <subfield code="2">ddc</subfield>
    <subfield code="4">0</subfield>
    <subfield code="6">001325_000000000000000</subfield>
    <subfield code="7">0</subfield>
    <subfield code="9">1541</subfield>
    <subfield code="a">KSU</subfield>
    <subfield code="b">KSU</subfield>
    <subfield code="c">GEN</subfield>
    <subfield code="d">2026-04-23</subfield>
    <subfield code="e">Book Paradise</subfield>
    <subfield code="i">94470</subfield>
    <subfield code="l">0</subfield>
    <subfield code="o">001325</subfield>
    <subfield code="p">001328</subfield>
    <subfield code="r">2026-04-23</subfield>
    <subfield code="w">2026-04-23</subfield>
    <subfield code="y">BK</subfield>
  </datafield>
</record>
